Classics in spectroscopy: isolation and structure elucidation of natural Products

Gespeichert in:
Bibliographische Detailangaben
Hauptverfasser: Berger, Stefan (Verfasst von), Sicker, Dieter (Verfasst von)
Format: Buch
Sprache:Englisch
Veröffentlicht: Weinheim Wiley-VCH 2009
Schlagworte:
Online-Zugang:Im OPAC anzeigen
Tags: Tag hinzufügen
Keine Tags, Fügen Sie das erste Tag hinzu!

MARC

LEADER 00000nam a2200000 a 4500
005 20260127134243.0
008 100714 2009 gw 000 0 eng d
020 |a 9783527325160 
035 |a vtls010114654 
039 9 |y 201007140743  |z mschk03 
040 |a STUSCHK1  |b slo  |c STUSCHK1  |e AACR2 
080 |a 543 
080 |a 543.51 
100 1 |a Berger, Stefan  |4 aut 
245 1 |a Classics in spectroscopy:  |b isolation and structure elucidation of natural Products  |c Stefan Berger, Dieter Sicker 
260 |a Weinheim  |b Wiley-VCH  |c 2009 
300 |a xiv, 645 s.  |b ill.  |c 25 cm 
650 0 |a analytická chémia 
650 0 |a spektroskopia 
700 1 |a Sicker, Dieter  |4 aut 
910 |a SCHK95 
919 |a 978-3-527-32516-0 
999 |c 7925  |d 7925